[Event "World Blitz 2023"]
[Site "Samarkand UZB"]
[Date "2023.12.29"]
[EventDate "2023.12.29"]
[Round "1.24"]
[Result "0-1"]
[White "Zhandos Agmanov"]
[Black "Ruslan Ponomariov"]
[WhiteElo "2407"]
[BlackElo "2613"]
[PlyCount "154"]

1. e4 e5 2. Nf3 Nc6 3. Bb5 a6 4. Ba4 Nf6 5. O-O d6 6. Re1 Bd7 7. c3 g6 8.
d4 Bg7 9. h3 O-O 10. Bc2 Qe8 11. a4 Kh8 12. Be3 Nh5 13. Nbd2 b6 14. Nc4 Rd8
15. Qe2 Bc8 16. Rad1 h6 17. dxe5 dxe5 18. b4 Nf4 19. Qf1 Qe7 20. b5 axb5
21. axb5 Na7 22. Rxd8 Rxd8 23. Nb2 Be6 24. Rd1 Nc8 25. Rxd8+ Qxd8 26. Qd1
Qxd1+ 27. Bxd1 Nd6 28. Bc2 Ne2+ 29. Kf1 Nxc3 30. Nd3 f6 31. Nb4 Bc4+ 32.
Ke1 Ncxb5 33. Nd2 Be6 34. Na6 Kg8 35. h4 h5 36. g3 Kf7 37. f4 Ke7 38. fxe5
fxe5 39. Nf3 Kd7 40. Nb8+ Ke8 41. Nc6 Nc4 42. Bg5 Nd4 43. Nfxd4 exd4 44. e5
Bf5 45. Ba4 Nb2 46. Bb5 Bd3 47. Nxd4+ Bxb5 48. Nxb5 Bxe5 49. Kf2 c6 50. Na3
b5 51. Kf3 Kd7 52. Bc1 Nd3 53. Bd2 Ke6 54. Nc2 c5 55. g4 c4 56. gxh5 gxh5
57. Ke4 Nc5+ 58. Ke3 Kf5 59. Bb4 Ne6 60. Kd2 Nd4 61. Ne3+ Ke4 62. Nd1 Bf4+
63. Kc3 Nc6 64. Bf8 Be5+ 65. Kd2 b4 66. Nf2+ Kf5 67. Nd1 Bd4 68. Ke2 b3 69.
Ba3 Ke4 70. Kd2 Ne5 71. Nc3+ Bxc3+ 72. Kxc3 Kd5 73. Be7 Nd3 74. Bf6 Nf2 75.
Bg7 Ne4+ 76. Kb2 Kc5 77. Ka3 0-1

[Event "World Blitz 2023"]
[Site "Samarkand UZB"]
[Date "2023.12.29"]
[EventDate "2023.12.29"]
[Round "1.25"]
[Result "1-0"]
[White "Aleksandr Shimanov"]
[Black "Benjamin Haldorsen"]
[WhiteElo "2611"]
[BlackElo "2405"]
[PlyCount "142"]

1. d4 Nf6 2. Nf3 c5 3. c3 b6 4. Bg5 Ne4 5. Bf4 Bb7 6. Nbd2 d6 7. e3 Nxd2 8.
Qxd2 g6 9. h4 h5 10. Bc4 Bg7 11. Ng5 d5 12. Bb5+ Nc6 13. Nf3 O-O 14. O-O e6
15. Rfe1 a6 16. Bxc6 Bxc6 17. Be5 Bh6 18. a4 c4 19. Qc2 b5 20. axb5 axb5
21. b4 Qe7 22. Qb2 f6 23. Bg3 Bg7 24. Qc2 Kh7 25. Qb2 Qb7 26. Ra5 Rxa5 27.
bxa5 Ra8 28. Qb4 Bf8 29. Bd6 Bxd6 30. Qxd6 Qd7 31. Qb4 Kg7 32. Ra1 Ra6 33.
Ne1 Kf7 34. Nc2 Qd8 35. Qc5 Bd7 36. Qa3 Qe7 37. Nb4 Ra8 38. a6 Qd6 39. a7
Qb6 40. Qa6 Qxa6 41. Rxa6 Ke7 42. f3 Kd8 43. e4 dxe4 44. fxe4 f5 45. e5 Bc8
46. Rb6 Kc7 47. Rxb5 Rxa7 48. Rc5+ Kd7 49. d5 exd5 50. Nxd5 Ra1+ 51. Kh2
Ba6 52. Nf4 Bb7 53. Rb5 Bc6 54. Rb4 Re1 55. e6+ Kd6 56. Rxc4 Re3 57. Rd4+
Kc7 58. c4 Rc3 59. Nxg6 Rc2 60. Nf4 Rc3 61. Nd5+ Bxd5 62. cxd5 Kd6 63. g3
Rc2+ 64. Kg1 Re2 65. Kf1 Rc2 66. Rd3 Rc7 67. Kf2 Rc2+ 68. Kf3 Rc4 69. Re3
Ke7 70. d6+ Kxd6 71. e7 Kd5 1-0

[Event "World Blitz 2023"]
[Site "Samarkand UZB"]
[Date "2023.12.29"]
[EventDate "2023.12.29"]
[Round "1.26"]
[Result "1/2-1/2"]
[White "Aldiyar Ansat"]
[Black "Tigran L Petrosian"]
[WhiteElo "2404"]
[BlackElo "2610"]
[PlyCount "366"]

1. e4 g6 2. d4 Bg7 3. Nc3 a6 4. h4 h6 5. h5 g5 6. Nge2 d6 7. a4 e6 8. Be3
Nf6 9. Ng3 Nc6 10. Be2 Qe7 11. Qd2 Bd7 12. a5 Nh7 13. d5 Ne5 14. O-O g4 15.
Bxh6 Bxh6 16. Qxh6 O-O-O 17. Qe3 Kb8 18. b4 Qg5 19. b5 Qxe3 20. fxe3 axb5
21. Bxb5 Ng5 22. a6 c6 23. Be2 Kc7 24. axb7 Rb8 25. Ba6 exd5 26. exd5 cxd5
27. Nxd5+ Kd8 28. Ra3 Bc6 29. e4 Ne6 30. Nb4 Kc7 31. Nxc6 Kxc6 32. Rb1 Nc5
33. Kf2 Kc7 34. Ke3 Nxb7 35. Rc3+ Nc5 36. Rxb8 Kxb8 37. Be2 Kc7 38. Ra3 Kb6
39. Kf4 Ncd7 40. Bxg4 Nf6 41. Be2 Ned7 42. Rd3 Kc7 43. Ra3 Kb6 44. Nf5
Nxh5+ 45. Bxh5 Rxh5 46. Nxd6 f6 47. Nf5 Nc5 48. Rh3 Ne6+ 49. Ke3 Rg5 50.
Rh6 Kc6 51. Rxf6 Kd7 52. Rf7+ Kd8 53. g3 Rh5 54. Ra7 Rh1 55. Ra8+ Kd7 56.
Ra7+ Kd8 57. Ra6 Re1+ 58. Kf2 Rxe4 59. Nd6 Rd4 60. c3 Rd1 61. Ne4 Ke7 62.
Ra7+ Kf8 63. Kf3 Rf1+ 64. Kg4 Nd8 65. c4 Nc6 66. Rc7 Ne5+ 67. Kg5 Nf3+ 68.
Kh5 Ne5 69. c5 Rf5+ 70. Kh4 Rf1 71. Nd6 Rc1 72. Kg5 Nd3 73. c6 Ne5 74. Rc8+
Ke7 75. Nf5+ Ke6 76. c7 Kd7 77. Ra8 Kxc7 78. Kf4 Nd3+ 79. Ke4 Nc5+ 80. Kd5
Nd3 81. Ra3 Nb4+ 82. Ke6 Re1+ 83. Kf7 Nd5 84. g4 Rg1 85. Ng3 Rg2 86. g5
Rf2+ 87. Kg7 Nf4 88. Re3 Kd7 89. g6 Nxg6 90. Kxg6 Kc6 91. Rc3+ Kd5 92. Nf5
Ke5 93. Rc5+ Ke4 94. Kf6 Ra2 95. Rc4+ Kd5 96. Rd4+ Kc5 97. Rd1 Re2 98. Nd4
Re8 99. Ne6+ Kc4 100. Ke5 Rh8 101. Ke4 Rh4+ 102. Nf4 Rg4 103. Rc1+ Kb4 104.
Ke3 Rh4 105. Nd5+ Kb5 106. Kd3 Rh3+ 107. Ne3 Rh4 108. Nf5 Rg4 109. Nd4+ Kb6
110. Kc4 Rg8 111. Kd5 Rd8+ 112. Ke5 Rh8 113. Ne6 Rh2 114. Kd5 Rd2+ 115. Nd4
Rh2 116. Rb1+ Kc7 117. Ne6+ Kd7 118. Rb7+ Ke8 119. Ra7 Rd2+ 120. Nd4 Rd1
121. Rb7 Kf8 122. Ke5 Ke8 123. Nf5 Kd8 124. Rh7 Re1+ 125. Kd5 Rd1+ 126. Nd4
Ke8 127. Ra7 Kd8 128. Ke5 Ke8 129. Nc6 Kf8 130. Ke6 Rb1 131. Ne5 Rb6+ 132.
Kf5 Ke8 133. Nc4 Rh6 134. Ke5 Rh5+ 135. Kd6 Rh6+ 136. Kd5 Rh1 137. Rg7 Kf8
138. Rc7 Rc1 139. Ra7 Rh1 140. Kd6 Rh6+ 141. Kc5 Rh5+ 142. Kd4 Rh4+ 143.
Kd5 Rh1 144. Ne5 Rh6 145. Ra8+ Ke7 146. Ra7+ Ke8 147. Nf7 Rh1 148. Ke6 Kf8
149. Nd6 Rh6+ 150. Ke5 Rh1 151. Nf5 Rb1 152. Ke6 Rb6+ 153. Nd6 Kg8 154. Ke5
Rb1 155. Kf6 Rb6 156. Rd7 Rb1 157. Nf5 Rb6+ 158. Nd6 Rb1 159. Re7 Rb6 160.
Re6 Kh7 161. Re7+ Kh6 162. Rd7 Kh5 163. Kf5 Kh4 164. Ne4 Kh3 165. Kf4 Kg2
166. Rd2+ Kf1 167. Kf3 Rb3+ 168. Kf4 Ra3 169. Rc2 Ke1 170. Nc3 Ra8 171. Ke3
Kf1 172. Nd5 Ra3+ 173. Ke4 Ke1 174. Nc3 Ra8 175. Kf3 Rf8+ 176. Ke3 Kf1 177.
Nd5 Re8+ 178. Kf3 Ke1 179. Ra2 Kd1 180. Nc3+ Kc1 181. Ne4 Rh8 182. Ke3 Rh3+
183. Kd4 1/2-1/2

[Event "World Blitz 2023"]
[Site "Samarkand UZB"]
[Date "2023.12.29"]
[EventDate "2023.12.29"]
[Round "1.27"]
[Result "1-0"]
[White "Javokhir Sindarov"]
[Black "Aleksey Grebnev"]
[WhiteElo "2607"]
[BlackElo "2404"]
[PlyCount "80"]

1. e4 c5 2. Nf3 d6 3. d4 cxd4 4. Nxd4 Nf6 5. Bd3 Nc6 6. Be3 Ng4 7. Nxc6
bxc6 8. Bd2 g6 9. Bc3 Nf6 10. O-O Bg7 11. Nd2 O-O 12. b3 Bd7 13. Kh1 Qc7
14. Qe2 c5 15. f4 Bc6 16. Rad1 Rab8 17. Ba1 Rfe8 18. Qe1 Qa5 19. a4 Qc7 20.
Qh4 Rb4 21. Rde1 Qd7 22. Bc3 Rbb8 23. f5 Rf8 24. Nf3 d5 25. e5 Ne4 26. f6
exf6 27. exf6 Bh8 28. Qh6 Nxf6 29. Ng5 Bg7 30. Qh4 Nh5 31. Bxg7 Kxg7 32. g4
d4+ 33. Kg1 h6 34. gxh5 hxg5 35. Qxg5 Qd5 36. Qf6+ Kh6 37. Be4 Qd7 38. Bxc6
Qg4+ 39. Kh1 Rb6 40. hxg6 1-0

[Event "World Blitz 2023"]
[Site "Samarkand UZB"]
[Date "2023.12.29"]
[EventDate "2023.12.29"]
[Round "1.28"]
[Result "1-0"]
[White "Emin Ohanyan"]
[Black "Kirill Shevchenko"]
[WhiteElo "2387"]
[BlackElo "2603"]
[PlyCount "198"]

1. d4 d5 2. c4 e5 3. dxe5 d4 4. Nf3 Nc6 5. g3 Nge7 6. Bg2 Ng6 7. O-O Ngxe5
8. Nbd2 Be7 9. a3 O-O 10. b4 Bf6 11. Bb2 Be6 12. b5 Nxf3+ 13. Nxf3 Na5 14.
Bxd4 Nxc4 15. Bxf6 Qxf6 16. Qd4 Rfd8 17. Qxf6 gxf6 18. e3 a6 19. a4 Nd6 20.
Nd4 Bc4 21. Rfc1 axb5 22. axb5 Rxa1 23. Rxa1 Nxb5 24. Nxb5 Bxb5 25. Bxb7
Kg7 26. Be4 c5 27. Rc1 c4 28. Kg2 Rd2 29. Rc3 h6 30. h4 Rb2 31. Kf3 Rb3 32.
Rc1 c3 33. Bd5 Ra3 34. Ke4 Ra4+ 35. Kf3 Ra3 36. Ke4 Ba4 37. Kd3 c2+ 38. Kd2
f5 39. Bc4 Kg6 40. Bd3 Ra2 41. g4 Bd7 42. Rxc2 Ra4 43. gxf5+ Bxf5 44. Rc6+
f6 45. h5+ Kxh5 46. Bxf5 Kg5 47. Rc5 Ra2+ 48. Ke1 Ra1+ 49. Ke2 h5 50. Kf3
Rg1 51. Bd7+ Kh6 52. Rc6 Kg7 53. Bh3 Rg5 54. e4 Ra5 55. Bf5 Ra2 56. Kg3 Rb2
57. Rc7+ Kf8 58. f3 Rb3 59. Kh4 Rxf3 60. Kxh5 Rg3 61. Kh6 Rg2 62. Ra7 Rg1
63. Kh5 Rg5+ 64. Kh4 Rg1 65. Ra3 Kf7 66. Rg3 Rh1+ 67. Kg4 Ke7 68. Rd3 Rg1+
69. Kf4 Rf1+ 70. Ke3 Re1+ 71. Kd4 Ra1 72. Rb3 Rd1+ 73. Ke3 Re1+ 74. Kf2 Rc1
75. Rb7+ Kd6 76. Ke3 Re1+ 77. Kd2 Ra1 78. Rf7 Ke5 79. Re7+ Kf4 80. Re6 Kg5
81. Rb6 Ra3 82. Rb5 Kf4 83. Bh7 Ra7 84. Bg6 Rg7 85. Bf5 Rg3 86. Rb6 Kg5 87.
Rb8 Kf4 88. Rd8 Ra3 89. Rd3 Ra2+ 90. Kc3 Ke5 91. Rd5+ Kf4 92. Kc4 Rc2+ 93.
Kb5 Rc1 94. Rc5 Rd1 95. Kc6 Rd2 96. Rd5 Ra2 97. Kd6 Ra7 98. Ke6 Ra6+ 99.
Rd6 1-0

[Event "World Blitz 2023"]
[Site "Samarkand UZB"]
[Date "2023.12.29"]
[EventDate "2023.12.29"]
[Round "1.29"]
[Result "1/2-1/2"]
[White "Aleksey Dreev"]
[Black "Gallego Alcaraz, Andres Felipe"]
[WhiteElo "2599"]
[BlackElo "2384"]
[PlyCount "74"]

1. d4 Nf6 2. Nf3 g6 3. Bg5 Bg7 4. Nbd2 O-O 5. e4 d6 6. c3 c5 7. dxc5 dxc5
8. Bc4 Qc7 9. O-O Nc6 10. Re1 Nh5 11. Qc2 Nf4 12. Bh4 Nh5 13. Rad1 b6 14.
a3 Bb7 15. Nf1 Rad8 16. Ne3 Rxd1 17. Rxd1 e6 18. Qd2 Ne5 19. Nxe5 Bxe5 20.
Ng4 Bf4 21. Qe2 Kg7 22. e5 g5 23. Bg3 Qc6 24. Qf1 Nxg3 25. fxg3 h5 26. gxf4
hxg4 27. fxg5 Qe4 28. Re1 Qg6 29. Qf4 Rd8 30. Qxg4 Rd2 31. Bf1 Rxb2 32. h4
Qc2 33. Re2 Qxc3 34. Rxb2 Qxb2 35. Qf4 Qxa3 36. h5 Qc3 37. h6+ Kh7 1/2-1/2

[Event "World Blitz 2023"]
[Site "Samarkand UZB"]
[Date "2023.12.29"]
[EventDate "2023.12.29"]
[Round "1.30"]
[Result "0-1"]
[White "Raymond Song"]
[Black "Baadur Jobava"]
[WhiteElo "2383"]
[BlackElo "2599"]
[PlyCount "42"]

1. d4 d5 2. c4 dxc4 3. Nf3 Nf6 4. e3 Bg4 5. Bxc4 e6 6. Nc3 Nc6 7. h3 Bh5 8.
Be2 Bd6 9. O-O O-O 10. Nd2 Bxe2 11. Qxe2 Nd5 12. Nc4 f5 13. Bd2 f4 14. exf4
Nxd4 15. Qe4 Bc5 16. Be3 Nxc3 17. bxc3 Ne2+ 18. Kh1 Bxe3 19. Qxe6+ Kh8 20.
Qxe3 Nxf4 21. Rab1 Qd5 0-1

[Event "World Blitz 2023"]
[Site "Samarkand UZB"]
[Date "2023.12.29"]
[EventDate "2023.12.29"]
[Round "1.31"]
[Result "1-0"]
[White "Alexandr Predke"]
[Black "Ortik Nigmatov"]
[WhiteElo "2594"]
[BlackElo "2382"]
[PlyCount "76"]

1. d4 d6 2. e4 Nf6 3. Nc3 e5 4. dxe5 dxe5 5. Qxd8+ Kxd8 6. Bc4 Ke8 7. f3 c6
8. Be3 Bb4 9. Ne2 Nbd7 10. Kf2 Ke7 11. h4 Nb6 12. Bb3 Be6 13. h5 h6 14. a3
Bd6 15. Bxe6 fxe6 16. b3 Rhf8 17. Ke1 Nbd7 18. Nc1 a5 19. Nd3 Ne8 20. Ke2
Nc7 21. g4 Rf7 22. g5 hxg5 23. Bxg5+ Ke8 24. h6 gxh6 25. Rxh6 Nf8 26. a4
Rg7 27. Rg1 b5 28. Be3 Rxg1 29. Bxg1 Bb4 30. Nd1 bxa4 31. bxa4 Na6 32. Nxe5
Rc8 33. Nb2 Bc3 34. Nbc4 Bb4 35. Rh8 Rd8 36. Be3 Rc8 37. Bh6 Ke7 38. Bxf8+
1-0

[Event "World Blitz 2023"]
[Site "Samarkand UZB"]
[Date "2023.12.29"]
[EventDate "2023.12.29"]
[Round "1.32"]
[Result "1-0"]
[White "Maksim Tsaruk"]
[Black "Giovanni Vescovi"]
[WhiteElo "2378"]
[BlackElo "2593"]
[PlyCount "66"]

1. e4 c6 2. d4 d5 3. e5 Bf5 4. Nf3 e6 5. Be2 Ne7 6. O-O Nc8 7. Nbd2 Be7 8.
c3 O-O 9. a4 c5 10. dxc5 Bxc5 11. Nb3 Be7 12. a5 a6 13. Be3 Nd7 14. c4 dxc4
15. Bxc4 Na7 16. Bxa7 Rxa7 17. Qd4 Nc5 18. Nxc5 Qxd4 19. Nxd4 Bxc5 20. Nxf5
exf5 21. Rfd1 b5 22. axb6 Bxb6 23. Rxa6 Rxa6 24. Bxa6 Rd8 25. Rxd8+ Bxd8
26. Bc4 Kf8 27. f4 g5 28. g3 gxf4 29. gxf4 Bb6+ 30. Kg2 Ke7 31. b4 Be3 32.
Kf3 Bc5 33. bxc5 1-0

[Event "World Blitz 2023"]
[Site "Samarkand UZB"]
[Date "2023.12.29"]
[EventDate "2023.12.29"]
[Round "1.33"]
[Result "1-0"]
[White "Conrad Holt"]
[Black "Cem Kaan Gokerkan"]
[WhiteElo "2592"]
[BlackElo "2365"]
[PlyCount "86"]

1. d4 Nf6 2. c4 e6 3. Nc3 Bb4 4. Qc2 d5 5. cxd5 exd5 6. Bg5 h6 7. Bxf6 Qxf6
8. a3 Bxc3+ 9. Qxc3 O-O 10. e3 Bf5 11. Nf3 c6 12. Be2 Nd7 13. O-O Qe7 14.
b4 Rfc8 15. Rfc1 Nf6 16. Ne5 Ne4 17. Qb2 Nd6 18. Bf1 f6 19. Nf3 b5 20. Nd2
a5 21. Nb3 axb4 22. axb4 Nc4 23. Qc3 h5 24. Nc5 h4 25. Re1 Bg6 26. Be2 Qe8
27. Bg4 Rxa1 28. Rxa1 Ra8 29. Bd7 Qb8 30. Bxc6 Rxa1+ 31. Qxa1 Nb6 32. Bxb5
h3 33. g3 Kh7 34. Qf1 Bf5 35. Bd3 Bxd3 36. Qxh3+ Kg8 37. Qe6+ Kh8 38. Nxd3
Qa7 39. Nf4 Qa1+ 40. Kg2 Nc4 41. Qe8+ Kh7 42. Qh5+ Kg8 43. Qxd5+ 1-0

[Event "World Blitz 2023"]
[Site "Samarkand UZB"]
[Date "2023.12.29"]
[EventDate "2023.12.29"]
[Round "1.34"]
[Result "1-0"]
[White "Ediz Gurel"]
[Black "Alan Pichot"]
[WhiteElo "2359"]
[BlackElo "2592"]
[PlyCount "66"]

1. e4 e5 2. Nf3 Nc6 3. Bb5 a6 4. Bxc6 dxc6 5. O-O Bg4 6. h3 h5 7. d3 Qf6 8.
Nbd2 Ne7 9. Re1 Bxf3 10. Nxf3 Ng6 11. d4 Bd6 12. c3 Qe6 13. Ng5 Qf6 14. Qb3
b5 15. Nf3 O-O 16. Bg5 Qe6 17. Qxe6 fxe6 18. Rad1 Rf7 19. Re2 a5 20. dxe5
Nxe5 21. Nd4 Re8 22. b3 Bc5 23. Be3 Rd7 24. Red2 b4 25. c4 Bb6 26. Kf1 Rd6
27. Ke2 Red8 28. f4 Ng6 29. e5 Nxf4+ 30. Kf3 R6d7 31. Kxf4 Rf7+ 32. Ke4 Re8
33. Nxc6 1-0

[Event "World Blitz 2023"]
[Site "Samarkand UZB"]
[Date "2023.12.29"]
[EventDate "2023.12.29"]
[Round "1.35"]
[Result "1-0"]
[White "Volodar Murzin"]
[Black "Artem Pingin"]
[WhiteElo "2591"]
[BlackElo "2358"]
[PlyCount "158"]

1. d4 d5 2. Nf3 Nf6 3. Bf4 c5 4. e3 Nc6 5. Nbd2 cxd4 6. exd4 Qb6 7. Nb3 Bf5
8. c3 e6 9. a4 a6 10. a5 Qd8 11. Bd3 Bxd3 12. Qxd3 Be7 13. O-O Nd7 14. Rfe1
O-O 15. Re2 b6 16. axb6 Qxb6 17. Nc1 Rfc8 18. Qd1 a5 19. Nd3 Qd8 20. Nfe5
Ncxe5 21. Bxe5 Nxe5 22. Nxe5 Bd6 23. Nd3 Rcb8 24. Qa4 Rc8 25. Ree1 h6 26.
Ra2 Qh4 27. g3 Qg4 28. Qd1 Qf5 29. Ra4 h5 30. h4 g6 31. Kg2 Kg7 32. Qf3
Qxf3+ 33. Kxf3 Bc7 34. Rea1 Rab8 35. Ke2 Rb5 36. Kd2 Rcb8 37. Kc2 Kf6 38.
R4a2 Ke7 39. Nc5 Bd6 40. Nd3 Bc7 41. Ra4 Kf6 42. R1a2 Ke7 43. Nc5 Bd8 44.
Nd3 Bc7 45. Kd2 Kf6 46. Ke3 Ke7 47. Ra1 Kf6 48. R4a2 Ke7 49. Re1 Kf6 50.
Kd2 Bd6 51. Kc2 Ke7 52. Nc1 Bc7 53. Ne2 Bd6 54. Ng1 Kf6 55. Nf3 Bc7 56. Ng5
Kg7 57. Rxe6 Bxg3 58. fxg3 fxe6 59. Nxe6+ Kf7 60. Nc7 R5b7 61. Nxd5 Rb5 62.
Nf4 Re8 63. Kd3 Re1 64. Kc4 Rf5 65. d5 Re3 66. Rxa5 Rxg3 67. Ra7+ Kf6 68.
Ra6+ Kf7 69. Ra7+ Kf6 70. Ra6+ Kf7 71. Ne2 Rg4+ 72. Nd4 Rxh4 73. d6 Re5 74.
Ra7+ Ke8 75. b4 Rhe4 76. b5 h4 77. b6 Re1 78. d7+ Kd8 79. Nc6# 1-0

[Event "World Blitz 2023"]
[Site "Samarkand UZB"]
[Date "2023.12.29"]
[EventDate "2023.12.29"]
[Round "1.36"]
[Result "0-1"]
[White "Bobir Sattarov"]
[Black "Kacper Piorun"]
[WhiteElo "2351"]
[BlackElo "2589"]
[PlyCount "78"]

1. e4 e6 2. d4 d5 3. e5 Bd7 4. Nf3 a6 5. h4 Bb5 6. h5 h6 7. c3 Ne7 8. Na3
Bxf1 9. Kxf1 Nd7 10. Nc2 c5 11. g4 Nc6 12. Kg2 Be7 13. Be3 f6 14. exf6 Nxf6
15. Nh4 Qd7 16. Ng6 Rg8 17. f3 c4 18. Bf4 Bd6 19. Qd2 O-O-O 20. Rhe1 Rge8
21. Re2 Qc7 22. Rae1 Bxf4 23. Qxf4 Qd6 24. b3 cxb3 25. axb3 Rd7 26. Re3
Qxf4 27. Nxf4 Na5 28. b4 Nc4 29. Rxe6 Rxe6 30. Rxe6 b6 31. Ne1 a5 32. bxa5
bxa5 33. Ned3 a4 34. Ra6 a3 35. Nc5 Rd6 36. Ra8+ Kc7 37. Nfe6+ Kb6 38. Ra6+
Kb5 39. Nc7# 0-1

[Event "World Blitz 2023"]
[Site "Samarkand UZB"]
[Date "2023.12.29"]
[EventDate "2023.12.29"]
[Round "1.37"]
[Result "1-0"]
[White "Shamsiddin Vokhidov"]
[Black "Akmal Fayzullaev"]
[WhiteElo "2588"]
[BlackElo "2342"]
[PlyCount "78"]

1. e4 c5 2. Nf3 d6 3. d4 cxd4 4. Nxd4 Nf6 5. Nc3 a6 6. a4 e5 7. Nf3 Be7 8.
Bg5 O-O 9. Bxf6 Bxf6 10. Nd5 Nc6 11. c3 g6 12. Bc4 Bg7 13. O-O Be6 14. Qd2
Rc8 15. Ba2 Bg4 16. Qe3 Kh8 17. h3 Be6 18. Rfd1 Ne7 19. Nb6 Rc6 20. a5 Bxa2
21. Rxa2 h6 22. b4 f5 23. Rad2 Qc7 24. c4 fxe4 25. Qxe4 Nf5 26. Nh4 Nxh4
27. Qxh4 Qf7 28. Rxd6 g5 29. Qg3 Rxd6 30. Rxd6 Qf5 31. Nd5 Qb1+ 32. Kh2 Qc2
33. Ne3 Qb2 34. Rb6 e4 35. Kg1 Bf6 36. Ng4 Bg7 37. Ne3 Qa1+ 38. Nf1 Kh7 39.
Qe3 Rf4 1-0

[Event "World Blitz 2023"]
[Site "Samarkand UZB"]
[Date "2023.12.29"]
[EventDate "2023.12.29"]
[Round "1.38"]
[Result "0-1"]
[White "Gianmarco Leiva"]
[Black "Chithambaram Vr Aravindh"]
[WhiteElo "2338"]
[BlackElo "2584"]
[PlyCount "114"]

1. d4 d5 2. Nf3 Nf6 3. Bf4 Bf5 4. c4 c6 5. Qb3 Qc8 6. e3 e6 7. Nc3 Nbd7 8.
Rc1 Be7 9. h3 h6 10. Be2 O-O 11. O-O a6 12. cxd5 exd5 13. Na4 Ne4 14. Nc3
Ndf6 15. Rfd1 Re8 16. Na4 Bd8 17. Nb6 Bxb6 18. Qxb6 Re7 19. Ne5 Nd7 20. Qb4
Re6 21. f3 Nef6 22. Qd2 Qe8 23. Rc3 Nxe5 24. Bxe5 Nd7 25. Bh2 Qe7 26. Kh1
Re8 27. Bg1 Nb6 28. Bf1 Nc8 29. Rcc1 Nd6 30. Qf2 Bg6 31. g4 h5 32. Re1 hxg4
33. hxg4 Qg5 34. Bh2 Qe7 35. Bf4 f5 36. g5 Kf7 37. Qg3 Qd7 38. Kg2 b5 39.
b3 Rh8 40. Rc2 Nc8 41. Rec1 Ne7 42. Bd3 Qd8 43. Rg1 a5 44. Rcc1 Qb6 45. Rc5
Qd8 46. Rgc1 Qd7 47. Rd1 Qd8 48. Rcc1 Qa8 49. Rc5 a4 50. Qf2 axb3 51. axb3
Qb7 52. Ra1 Ra8 53. Rcc1 Nc8 54. Qc2 Ne7 55. Qc3 Rh8 56. Qc5 Qd7 57. Ra7
Qe8 0-1

[Event "World Blitz 2023"]
[Site "Samarkand UZB"]
[Date "2023.12.29"]
[EventDate "2023.12.29"]
[Round "1.39"]
[Result "1-0"]
[White "Vugar Asadli"]
[Black "Jakub Seemann"]
[WhiteElo "2584"]
[BlackElo "2332"]
[PlyCount "66"]

1. e4 c5 2. Nc3 d6 3. f4 g6 4. Nf3 Bg7 5. Bb5+ Bd7 6. Bc4 Nc6 7. d3 e6 8.
f5 exf5 9. O-O Nh6 10. Bg5 Qb8 11. Nd5 O-O 12. Bxh6 Bxh6 13. Nf6+ Kg7 14.
Nxd7 Qc7 15. Nxf8 Rxf8 16. exf5 Nd4 17. Nxd4 cxd4 18. Qf3 Be3+ 19. Kh1 b5
20. Bb3 Qd8 21. Qd5 g5 22. f6+ Kh8 23. Rae1 Bf4 24. Rxf4 gxf4 25. Qg5 Rg8
26. Qxf4 Qa5 27. Re7 d5 28. Bxd5 Qb4 29. h3 Qxb2 30. Rxf7 Qxc2 31. Rxh7+
Kxh7 32. Be4+ Rg6 33. f7 1-0

[Event "World Blitz 2023"]
[Site "Samarkand UZB"]
[Date "2023.12.29"]
[EventDate "2023.12.29"]
[Round "1.40"]
[Result "1-0"]
[White "Artem Uskov"]
[Black "Klementy Sychev"]
[WhiteElo "2328"]
[BlackElo "2583"]
[PlyCount "94"]

1. Nf3 Nf6 2. c4 e6 3. e3 d5 4. b3 c5 5. Bb2 Nc6 6. cxd5 exd5 7. Bb5 Bd6 8.
O-O O-O 9. d4 cxd4 10. Nxd4 Bc7 11. h3 Ne4 12. Nc3 Nxc3 13. Bxc3 Qg5 14.
Nxc6 bxc6 15. Bxc6 Bxh3 16. Qxd5 Qh6 17. gxh3 Rad8 18. Qf3 Rd6 19. Be4 f5
20. Bd5+ Kh8 21. Bb4 Rg6+ 22. Kh1 Bg3 23. Qg2 Be5 24. Bxf8 Rxg2 25. Bxg2
Bxa1 26. Rxa1 Qf6 27. Rc1 h6 28. Bc5 Qb2 29. Rc4 Qxf2 30. Bd4 Qg3 31. Rc8+
Kh7 32. Rc1 a5 33. Rg1 Qh4 34. Bf1 g5 35. Bg2 g4 36. Rc1 gxh3 37. Bd5 Qe7
38. Rg1 h5 39. Rg7+ Qxg7 40. Bxg7 Kxg7 41. Kh2 Kf6 42. Kxh3 Ke5 43. Bf3 f4
44. exf4+ Kxf4 45. Bxh5 Ke5 46. a4 Kd4 47. Bf7 1-0

[Event "World Blitz 2023"]
[Site "Samarkand UZB"]
[Date "2023.12.29"]
[EventDate "2023.12.29"]
[Round "1.41"]
[Result "1/2-1/2"]
[White "Vasquez Schroeder, Rodrigo"]
[Black "Alisher Suleymenov"]
[WhiteElo "2582"]
[BlackElo "2326"]
[PlyCount "154"]

1. e4 c5 2. Nf3 Nc6 3. d4 cxd4 4. Nxd4 Nf6 5. Nc3 e5 6. Ndb5 d6 7. Bg5 a6
8. Na3 b5 9. Nd5 Be7 10. Bxf6 Bxf6 11. c3 Rb8 12. Nc2 Bg5 13. Be2 O-O 14.
O-O a5 15. a3 Ne7 16. Nce3 Be6 17. Qd3 Bxe3 18. Nxe7+ Qxe7 19. Qxe3 Bb3 20.
Bd1 Bc4 21. Be2 Bb3 22. Bd1 Bc4 23. Re1 Rfd8 24. Bf3 Bb3 25. Re2 Qc7 26.
Rd2 h6 27. h3 Rb6 28. Bd1 Be6 29. Be2 b4 30. cxb4 axb4 31. a4 Rc6 32. a5
Ra8 33. a6 Bc8 34. a7 Rc5 35. Qd3 Rxa7 36. Rxa7 Qxa7 37. Qxd6 Rc1+ 38. Bd1
Be6 39. Kh2 Qc5 40. Qxc5 Rxc5 41. Be2 Kf8 42. Kg3 Ke7 43. Kf3 Rc1 44. Ke3
Rg1 45. Kf3 h5 46. Kg3 g6 47. Kf3 g5 48. Rc2 Kd6 49. Rd2+ Kc5 50. Rc2+ Kb6
51. Rd2 h4 52. Rc2 f6 53. Rd2 Kc5 54. Rc2+ Kd6 55. Rd2+ Ke7 56. Rc2 Kd6 57.
Rd2+ Kc7 58. Rc2+ Kb6 59. Rd2 Rc1 60. Ke3 Kc7 61. Bd3 Bf7 62. Be2 Kc6 63.
Bg4 Rg1 64. f3 Bc4 65. Bd7+ Kc7 66. Bf5 Bf1 67. Rd7+ Kc6 68. Kf2 Rxg2+ 69.
Kxf1 Rxb2 70. Rf7 Kc5 71. Rxf6 Kd4 72. Rb6 Ke3 73. Bg4 Rb1+ 74. Kg2 Rb2+
75. Kf1 Rb1+ 76. Kg2 Rb2+ 77. Kf1 1/2-1/2

[Event "World Blitz 2023"]
[Site "Samarkand UZB"]
[Date "2023.12.29"]
[EventDate "2023.12.29"]
[Round "1.42"]
[Result "0-1"]
[White "Saidakbar Saydaliev"]
[Black "Nodirbek Yakubboev"]
[WhiteElo "2323"]
[BlackElo "2582"]
[PlyCount "114"]

1. e4 Nf6 2. e5 Nd5 3. d4 d6 4. c4 Nb6 5. exd6 exd6 6. Bd3 Be7 7. Ne2 O-O
8. O-O Nc6 9. Nbc3 Re8 10. b3 Bg4 11. Be3 Bg5 12. Qd2 Bxe3 13. fxe3 Qe7 14.
e4 Bxe2 15. Nxe2 Nd7 16. Rf4 a5 17. Raf1 Rf8 18. Bb1 Nd8 19. Ng3 g6 20. Rg4
Kh8 21. Qh6 Rg8 22. Rf3 Qf8 23. Qh3 Ne6 24. e5 dxe5 25. d5 Nf4 26. Qh4 f5
27. Rgxf4 exf4 28. Qxf4 Qd6 29. Qh6 Rae8 30. Nf1 Qc5+ 31. Kh1 Re1 32. Bd3
Rge8 33. Rh3 Qe7 34. Qxg6 Ne5 35. Rxh7+ Qxh7 36. Qxe8+ Kg7 37. Qe7+ Kh8 38.
Qf8+ Qg8 39. Qh6+ Qh7 40. Qf8+ Qg8 41. Qf6+ Qg7 42. Qh4+ Kg8 43. Qxe1 Nxd3
44. Qe8+ Qf8 45. Qg6+ Kh8 46. Ng3 Nf2+ 47. Kg1 Ng4 48. Qh5+ Kg8 49. Qg5+
Kh8 50. Qh5+ Kg8 51. Qg5+ Kh8 52. Qh4+ Kg8 53. Nh5 Qc5+ 54. Kf1 Qd4 55.
Qg5+ Kh8 56. Qd8+ Kh7 57. Qg5 Qf2# 0-1

[Event "World Blitz 2023"]
[Site "Samarkand UZB"]
[Date "2023.12.29"]
[EventDate "2023.12.29"]
[Round "1.43"]
[Result "1-0"]
[White "Levan Pantsulaia"]
[Black "Jamshid Mustafaev"]
[WhiteElo "2579"]
[BlackElo "2323"]
[PlyCount "32"]

1. Nf3 Nf6 2. g3 g6 3. b3 Bg7 4. Bb2 O-O 5. Bg2 d6 6. d4 Nbd7 7. O-O e5 8.
dxe5 Ng4 9. Qd2 Ngxe5 10. c4 a5 11. Nc3 Nxf3+ 12. exf3 Nb6 13. f4 a4 14.
Rad1 axb3 15. axb3 Bg4 16. f5 Ra1 1-0

[Event "World Blitz 2023"]
[Site "Samarkand UZB"]
[Date "2023.12.29"]
[EventDate "2023.12.29"]
[Round "1.44"]
[Result "1-0"]
[White "Lev Zverev"]
[Black "Renato Terry"]
[WhiteElo "2299"]
[BlackElo "2578"]
[PlyCount "46"]

1. e4 g6 2. d4 Bg7 3. Nc3 c6 4. Be3 d5 5. e5 f6 6. f4 Nh6 7. Qd2 Nd7 8.
O-O-O Qa5 9. Kb1 b5 10. Nxd5 Qd8 11. Nb4 Bb7 12. d5 c5 13. e6 cxb4 14. Bxb5
O-O 15. Bxd7 Nf5 16. Bc5 a5 17. d6 exd6 18. Bxd6 Nxd6 19. Qxd6 Qb8 20. Qd2
Rd8 21. e7 Re8 22. Bxe8 Qxe8 23. Qe2 f5 1-0

[Event "World Blitz 2023"]
[Site "Samarkand UZB"]
[Date "2023.12.29"]
[EventDate "2023.12.29"]
[Round "1.45"]
[Result "1-0"]
[White "Aryan Tari"]
[Black "Munkhdalai Amilal"]
[WhiteElo "2577"]
[BlackElo "2293"]
[PlyCount "74"]

1. e4 c5 2. Nf3 Nc6 3. Bb5 e6 4. O-O Nge7 5. Re1 a6 6. Bf1 d5 7. exd5 Qxd5
8. Nc3 Qd8 9. Ne4 Nf5 10. Bd3 Nfd4 11. Nxd4 Qxd4 12. Qh5 Be7 13. Ng5 g6 14.
Qh6 Bf8 15. Qh3 Be7 16. Nf3 Qd6 17. b3 e5 18. Qg3 f6 19. Bb2 Be6 20. Be4
O-O-O 21. Bxc6 Qxc6 22. Nxe5 fxe5 23. Qxe5 Rhe8 24. Qxe6+ Qxe6 25. Rxe6
Rxd2 26. Rae1 Rxc2 27. Bf6 Bxf6 28. Rxe8+ Kc7 29. R8e2 Rc3 30. g3 b5 31.
Re3 Rc2 32. R1e2 Rc1+ 33. Kg2 Bd4 34. Re6 a5 35. Ra6 a4 36. Re7+ Kd8 37.
Rxh7 1-0